Manufacturing Processes (Record no. 4958)
[ view plain ]
| 000 -LEADER | |
|---|---|
| fixed length control field | 00489nam a2200169Ia 4500 |
| 003 - CONTROL NUMBER IDENTIFIER | |
| control field | SGT |
| 020 ## - INTERNATIONAL STANDARD BOOK NUMBER | |
| International Standard Book Number | 9788189866495 |
| 082 ## - DEWEY DECIMAL CLASSIFICATION NUMBER | |
| Classification number | 671 |
| Item number | SHA |
| 100 ## - MAIN ENTRY--PERSONAL NAME | |
| Personal name | Sharma,S.K |
| 245 ## - TITLE STATEMENT | |
| Title | Manufacturing Processes |
| 260 ## - PUBLICATION, DISTRIBUTION, ETC. (IMPRINT) | |
| Name of publisher, distributor, etc | I.K. International Publishing House Pvt. Ltd. |
| Place of publication, distribution, etc | New Delhi |
| Year of Publication | 2007 |
| 300 ## - PAGE DESCRIPTION | |
| No. of Pages | 706p. |
| 650 ## - SUBJECT ADDED ENTRY--TOPICAL TERM | |
| Topical term or geographic name as entry element | MANUFACTURING |
| 653 ## - KEYWORDS--INDEX TERM | |
| Keyword term | MECHANICAL ENGINEERING, PLANT AND SHOP LAYOUT,FOUNDRY AND CASTING MECHANICAL WORKING OF METALS |
| 700 ## - ADDED ENTRY--PERSONAL NAME | |
| Personal name | Sharma,Savita |
| 942 ## - ADDED ENTRY ELEMENTS (KOHA) | |
| Source of classification or shelving scheme | Dewey Decimal Classification |
| Koha item type | Books |
| Withdrawn status | Lost status | Source of classification or shelving scheme | Damaged status | Not for loan | Home library | Current library | Date acquired | SGTU | Total Checkouts | Full call number | Accession No. (Barcode) | Date last seen | Bill Date | Koha item type | Total Renewals | Date last borrowed |
|---|---|---|---|---|---|---|---|---|---|---|---|---|---|---|---|---|
| Dewey Decimal Classification | SGT Engineering Library | SGT Engineering Library | 28/04/2010 | SGTU | 671 SHA | FE1958 | 09/02/2015 | 09/02/2015 | Books | |||||||
| Dewey Decimal Classification | SGT Engineering Library | SGT Engineering Library | 28/04/2010 | SGTU | 8 | 671 SHA | FE1959 | 10/12/2018 | 09/02/2015 | Books | 5 | 05/12/2018 | ||||
| Dewey Decimal Classification | SGT Engineering Library | SGT Engineering Library | 28/04/2010 | SGTU | 5 | 671 SHA | FE1960 | 16/12/2017 | 09/02/2015 | Books | 5 | 09/10/2017 | ||||
| Dewey Decimal Classification | SGT Engineering Library | SGT Engineering Library | 28/04/2010 | SGTU | 4 | 671 SHA | FE1961 | 16/12/2017 | 09/02/2015 | Books | 2 | 02/11/2017 | ||||
| Dewey Decimal Classification | SGT Engineering Library | SGT Engineering Library | 28/04/2010 | SGTU | 8 | 671 SHA | FE1962 | 30/11/2018 | 09/02/2015 | Books | 4 | 30/11/2018 | ||||
| Dewey Decimal Classification | SGT Engineering Library | SGT Engineering Library | 06/09/2012 | SGTU | 6 | 671 SHA | FE5550 | 10/12/2018 | 09/02/2015 | Books | 06/12/2018 | |||||
| Dewey Decimal Classification | SGT Engineering Library | SGT Engineering Library | 06/09/2012 | SGTU | 7 | 671 SHA | FE5551 | 10/12/2018 | 09/02/2015 | Books | 3 | 05/12/2018 |